00519nam a2200157 a 450000100100000000500170001000800410002704000250006808200140009324500190010726000570012630000210018359000280020495201120023299900170034400004801220201002060849.0181015s2006 dr 000 spa d aDO-SdBNPbspacBNPHU axxxbF673 0aFondos mutuos. aSanto Domingo :bSuperintendencia de Valores,c2006. a127 p. ;c23 cm. aInventariado, 2019 / DG 0010718PDaPDbPDcHDd2018-10-15iLF1l0oxxx F673p48012-10r2020-06-25w2020-06-25yLFPDZNo se presta c47500d47500